QUEST Central Library Banner

Numerical Analysis and Computer Application (Record no. 57350)

MARC details
000 -LEADER
fixed length control field 00255nam a22001097a 4500
082 ## - DEWEY DECIMAL CLASSIFICATION NUMBER
Classification number SHA
100 ## - MAIN ENTRY--AUTHOR NAME
Personal name Shaikh, M.U
245 ## - TITLE STATEMENT
Title Numerical Analysis and Computer Application
260 ## - PUBLICATION, DISTRIBUTION, ETC. (IMPRINT)
Place of publication Hyderabad:
Name of publisher Jahangir Publishers,
300 ## - PHYSICAL DESCRIPTION
Number of Pages 133p. ;
942 ## - ADDED ENTRY ELEMENTS (KOHA)
Koha item type Books
Holdings
Withdrawn status Lost status Home library Current library Date acquired Full call number Accession Number Koha item type
    Central Library, QUEST, Nawabshah Central Library, QUEST, Nawabshah 25/01/2017 SHA D1809 Books

Copyright © 2018,The QUEST, Nawabshah, Shaheed Benazirabad. All rights reserved
Mr. G. Farooq Channar (Librarian) QUEST, Nawabshah, Sindh, Pakistan 67480.
 Ph#: |   0244-9370381-4 Ext. 2308   Email| lib@quest.edu.pk   Web|  http://www.quest.edu.pk